000 00914nam a22002657a 4500
003 CHAP
005 20220329134006.0
008 971013s1993 r 00010 d
010 _a13728
011 _a14700
035 _a18774
040 _cCHAP
082 _a972.72 I5
_bChis.
110 _aInstituto Nacional de Estadística, Geografía e Informática. México
_959304
245 _aChiapas hablantes de lengua indígena
_b: tabulados básicos
260 _aAguascalientes, Ags. :
_bEl Instituto,
_c1993
300 _a184 p.
_b; tablas
590 _aBATCH-UPD
_b10
_c20130110
_lUCH01
_h2141
590 _aCONVERSION
_b10
_c20130109
_lUCH01
_h1309
650 1 4 _aIndios de Chiapas
_xLenguas.
_957596
901 _aBK
942 _cLIBRO
949 _a972.72 I5 Chis.
_bBC
_cINEGI
_d33724000655718
_eINEGI
_fc.2
_h87029
_i18774
_si
949 _a972.72 I5 Chis.
_bBC
_cINEGI
_d33724000655726
_eINEGI
_gI.c/e
_h87028
_i18774
_si
999 _c13728
_d13728